Piłka nożna quiz #175 - Najlepsi strzelcy Euro 2024 - Statystyki

Ogólne statystyki
  • Ten quiz został rozwiązany 793 razy
  • Średni wynik to 4 z 6
Statystyki odpowiedzi
Zawodnik Reprezentacja Liczba bramek % Poprawnych
Harry Kane Anglia 3
97%
Jamal Musiala Niemcy 3
69%
Cody Gakpo Holandia 3
68%
Dani Olmo Hiszpania 3
68%
Georges Mikautadze Gruzja 3
53%
Ivan Schranz Słowacja 3
18%
Nie znaleziono quizów pasujących do podanych kryteriów
Rozkład punktacji
Procent ludzi z każdym wynikiem
Percentyl według liczby udzielonych odpowiedzi
Twoja historia wyników
Nie rozwiązałeś tego quizu